000
00239nam a2200097Ia 4500
005
20251222114357.0
008
251222s1900||||xx |||||||||||||| ||spa||
082
_a
DVD0010/T22K/2003
245
0
_a
Kill Bill: la venganza:Kill Bill
942
_c
DVD
999
_c
1487
_d
1487